[Event "Bremen-ch op"]
[Site "Bremen"]
[Date "2015.03.29"]
[Round "3"]
[White "Dehning Busse, Karsten"]
[Black "Mayland, Jannis"]
[Result "1-0"]
[WhiteElo "1796"]
[BlackElo "822"]
[PlyCount "55"]
[EventDate "2015.03.28"]
[EventType "swiss"]
[EventRounds "9"]
[EventCountry "GER"]
[SourceTitle "EXT 2018"]
[Source "ChessBase"]
[SourceDate "2017.10.13"]
[SourceVersion "1"]
[SourceVersionDate "2017.10.13"]
[SourceQuality "1"]

1. d4 d5 2. Nc3 Nf6 3. Bg5 Bf5 4. e3 e6 5. Bd3 Bxd3 6. Qxd3 Bb4 7. Nf3 Nbd7 8. 0-0 0-0 9. Ne5 Be7 10. f4 h6 11. Bh4 c5 12. Kh1 Rc8 13. Rf3 c4 14. Qe2 Qb6 15. Nxd7 Nxd7 16. Bxe7 Rfe8 17. Ba3 a5 18. Raf1 Qa6 19. Na4 b5 20. Nc5 Nxc5 21. Bxc5 b4 22. g4 Rb8 23. Rh3 a4 24. g5 Kh7 25. gxh6 gxh6 26. Qh5 c3 27. Qxh6+ Kg8 28. Qh8# 1-0

[Event "Bremen-ch op"]
[Site "Bremen"]
[Date "2015.03.28"]
[Round "1"]
[White "Mayland, Jannis"]
[Black "Laubrock, Paul"]
[Result "0-1"]
[WhiteElo "822"]
[BlackElo "1793"]
[PlyCount "68"]
[EventDate "2015.03.28"]
[EventType "swiss"]
[EventRounds "9"]
[EventCountry "GER"]
[SourceTitle "EXT 2018"]
[Source "ChessBase"]
[SourceDate "2017.10.13"]
[SourceVersion "1"]
[SourceVersionDate "2017.10.13"]
[SourceQuality "1"]

1. d4 d5 2. Bf4 Nf6 3. Nc3 e6 4. e3 Bb4 5. Qd2 Ne4 6. Qd3 Nd7 7. Nge2 c5 8. a3 Qa5 9. f3 c4 10. Qd1 Bxc3+ 11. Nxc3 Nxc3 12. bxc3 Qxc3+ 13. Kf2 Qa5 14. Be2 0-0 15. e4 dxe4 16. fxe4 b5 17. Re1 Bb7 18. Bf3 Rfd8 19. e5 Bxf3 20. gxf3 Nb6 21. Rg1 Qc3 22. Bd2 Qxd4+ 23. Kf1 c3 24. Rg2 Nc4 25. Ke1 cxd2+ 26. Kf1 Ne3+ 27. Ke2 Nxd1 28. Rxd1 Qxe5+ 29. Kf2 Rac8 30. Rgg1 Rxc2 31. h3 Rd3 32. h4 Qe3+ 33. Kg3 Qxf3+ 34. Kh2 Qh3# 0-1